000 00423nam a2200157Ia 4500
008 210716s2006 xx 000 0 und d
020 _a8180544516
041 _aeng
082 _a658.1511 MAHS
100 _aMaheshwari, S N.
245 _aFinancial and management accounting.
250 _a1
260 _aNew Delhi
_bSulthan Chand and Sons
_c2006
300 _a224,A36,B185,C253,D24
650 _aManagement Accounting
999 _c201465
_d201465